|
|
|
|
| LEADER |
00000nab a2200000 ar4500 |
| 001 |
vtls009006103 |
| 003 |
SK-MaSNL |
| 005 |
20260303065726.0 |
| 008 |
070710c2007 xo mr|p|||||||000 b|slo |
| 015 |
|
|
|a SNBRB2007/07
|2 snkbucl
|
| 038 |
|
|
|a SNKBUCL
|
| 040 |
|
|
|a SNKBUCL
|b slo
|c SNKBUCL
|e AACR2
|
| 041 |
0 |
|
|a slo
|
| 044 |
|
|
|a xo
|c SK
|
| 080 |
|
|
|a 727.5
|x (438)
|2 2001
|
| 100 |
1 |
|
|a Leśniakowska, Marta
|4 aut
|9 479053
|
| 245 |
1 |
0 |
|a Betónový obal druhohorných stavovcov
|c Marta Leśniakowska ; preklad Henrieta Moravčíková
|
| 300 |
|
|
|b Fotogr., obr.
|
| 500 |
|
|
|a Architekti: Beata Goczoł, Witold Goczoł, Oskar Grąbczewski, Katarzyna Chobot, Maciej Grychowski
|
| 610 |
2 |
7 |
|a Paleontologický pavilón (Krasiejów, Poľsko)
|x architektúra
|2 snkbucl
|9 1066174
|
| 700 |
1 |
|
|a Moravčíková, Henrieta,
|d 1963-
|4 trl
|9 212446
|
| 773 |
0 |
|
|t ARCH
|g Roč. 12, č. 6 (2007), s. 26-29
|x 1335-3268
|
| 852 |
|
|
|a SNK
|b KIS3GCP
|
| 958 |
|
|
|a PL
|
| 999 |
|
|
|c 1752378
|d 1754308
|